| 000 | 00829nam a2200265Ia 4500 | ||
|---|---|---|---|
| 003 | OSt | ||
| 005 | 20221005033456.0 | ||
| 006 | a|||||r|||| 00| 0 | ||
| 007 | ta | ||
| 008 | 221004b |||||||| |||| 00| 0 san d | ||
| 020 |
_a9788180901911 (hbk) _c750 |
||
| 024 | _a94797 | ||
| 037 |
_b2000/I, 22/01/2009, Vidyanidhi Prakashan _cTextual |
||
| 040 |
_aCRL _cCRL _bsan |
||
| 041 |
_2san _asan |
||
| 082 | _aO15,2D70,3, J4;P8 | ||
| 100 | _aBhavabhuti | ||
| 245 | 0 | _aUttar Ram charitam | |
| 260 |
_aDelhi _bBhartiya Kala Prakashan India _c2008 |
||
| 300 |
_axxxix,455p. _ccm. |
||
| 650 | _aENGLISH LITERATURE | ||
| 700 |
_a Roy Saradaranjan Tr. _9557159 |
||
| 942 |
_hO15,2D70,3, J4;P8 _cTEXL _2cc |
||
| 999 |
_c941590 _d941590 |
||